000 00505 a2200157 4500
003 Nust
005 20251015130611.0
040 _cNust
082 _a621.382
100 _aMahmood, Lt Col. Salim ( TE-22)
_9131157
245 _aFiber optics system /
_cLt Col Salim Mahmood & Maj Muhammad Abbas , Maj Muhammad Abbas , Capt Aziz-ur-Rehman , Capt Syed Shahid Mehboob and Capt Muhammad Amin
260 _aUET,Lahore
_bMCS
_c1990
650 _aUG Projects
_998716
651 _aTE-22
_9131158
942 _cPR
_2ddc
999 _c182049
_d182049